| 000 | 00895nam a22002057a 4500 | ||
|---|---|---|---|
| 999 |
_c17654 _d17654 |
||
| 003 | AR-CdUCM | ||
| 008 | 190509b ||||| |||| 00| 0 spa d | ||
| 040 |
_aMUNICIPALIDAD PROVINCIAL DEL CUSCO _cBIBLIOTECA MUNICIPAL DEL CUSCO |
||
| 082 |
_a375.69 / _bB26. |
||
| 100 |
_aBaxter, Bernice. _937792 |
||
| 245 | _aCómo tratar a los alumnos / | ||
| 260 |
_aBuenos Aires : _bKapelusz, _c1966. |
||
| 300 |
_a122 páginas ; _c20 cm. |
||
| 440 |
_aBiblioteca de cultura pedagógica. _936606 |
||
| 505 | _aContenido : El papel del maestro en la educación actual -- Observación de las relaciones entre maestros y alumnos -- Maestros eficaces y maestros ineficaces -- El comportamiento deseable de los alumnos -- Descripción de una maestra eficaz ... | ||
| 650 |
_aEducación secundaria. _94648 |
||
| 650 |
_aComportamiento del ser humano. _937793 |
||
| 942 |
_2ddc _cLIBROS |
||
| 945 |
_arum _d2019-05-09 |
||